BIBLIOTECA

SENCICO

Programa de capacitación construcción planta externa (Registro nro. 3286)

Detalles MARC
000 -LEADER
fixed length control field 00606nam a2200181Ia 4500
005 - DATE AND TIME OF LATEST TRANSACTION
control field 20251020182609.0
008 - FIXED-LENGTH DATA ELEMENTS--GENERAL INFORMATION
fixed length control field 200515s9999 xx 000 0 und d
082 ## - DEWEY DECIMAL CLASSIFICATION NUMBER
Classification number SC/621.395/C73
110 ## - MAIN ENTRY--CORPORATE NAME
Corporate name or jurisdiction name as entry element Compañía peruana de teléfonos
245 #0 - TITLE STATEMENT
Title Programa de capacitación construcción planta externa
260 ## - PUBLICATION, DISTRIBUTION, ETC.
Place of publication, distribution, etc. Lima
260 ## - PUBLICATION, DISTRIBUTION, ETC.
Date of publication, distribution, etc. 1985
300 ## - PHYSICAL DESCRIPTION
Extent s.n.
520 ## - SUMMARY, ETC.
Summary, etc. Destinado a preparar el curso dirigido al área de Construcción Planta Externa. Este documento informa sobre el análisis del empleo aplicado dentro del área en mención
650 ## - SUBJECT ADDED ENTRY--TOPICAL TERM
Topical term or geographic name entry element TAREAS
650 ## - SUBJECT ADDED ENTRY--TOPICAL TERM
Topical term or geographic name entry element TELEFONIA
942 ## - ADDED ENTRY ELEMENTS (KOHA)
Koha item type Libros
Existencias
Fecha de la última vez que lo usaron Pago total Signatura topográfica completa Código de barras Precio efectivo desde Tipo de documento Estado perdido Estado dañado No es para préstamo Retirado Ubicación permanente Ubicación actual Fecha de adquisición
15/05/2020   SC/621.395/C73 Bib-Lima15053286 15/05/2020 Libros         Biblioteca Central Lima Biblioteca Central Lima 15/05/2020